| 000 | 00591nam a22001817a 4500 | ||
|---|---|---|---|
| 999 |
_c184282 _d184282 |
||
| 005 | 20220117145239.0 | ||
| 010 | _aENG-131183 | ||
| 020 |
_a978-93-89872-05-7 _c379.00 |
||
| 035 | _aEN-114715 | ||
| 037 | _bDBAD | ||
| 082 | _a500 | ||
| 245 |
_aCTET Central Teacher Eligibility Test Paper-II Mathematics and Science: _bSolved Papers & Practice Tests/ _c Exam Goalpost |
||
| 260 |
_aNew Delhi _bDreamtech press _c2020 |
||
| 270 |
_bNew Delhi _a19-A,Ansari Road, Daryaganj _e110002 |
||
| 300 |
_a452p. _c26.cm(pbk) |
||
| 700 | _aGOALPOST,EXAM | ||
| 942 |
_2ddc _cEN _h500 _mCTE |
||